00306nam a22001337a 4500020001800000082000800018100002700026245005500053250000900108260002300117300000800140942000700148999001700155 a9788184653328 a230 aGnanapragasam, Patrick aWings of Faith: Towards public Theologies in India a2013 aDelhibISPCKc2013 a264 cBK c19860d19860